| 000 | 00553nam a2200169 a 4500 | ||
|---|---|---|---|
| 005 | 20140412111311.0 | ||
| 008 | 020417s19uu xx 00 eng d | ||
| 020 | _a0-06-097731-0 | ||
| 050 |
_aTR(GS 513.2 _bF52 1998 |
||
| 100 | _aFlansburg, Scott | ||
| 245 |
_aMath magic for your kids / _cScott Flansburg. |
||
| 260 |
_aNew York : _bHarperCollins Books, _c1998. |
||
| 300 | _axi p. ; 339 p. | ||
| 500 | _aOriginally published: New York: Morrow, c1997. ISBN 0-06-097331-0 | ||
| 650 |
_aMathematics _xStudy and teaching (Elementary) |
||
| 999 |
_c104007 _d104007 |
||